Java programming

Đã lưu trong:
Bibliografiske detaljer
Hovedforfatter: Farrell, Joyce
Format: Bog
Sprog:Undetermined
Udgivet: Boston, MA. Course Technology Cengage Learning 2010
Fag:
Tags: Tilføj Tag
Ingen Tags, Vær først til at tagge denne postø!
Thư viện lưu trữ: Trung tâm Học liệu Trường Đại học Cần Thơ
LEADER 00575nam a2200193Ia 4500
001 CTU_184343
008 210402s9999 xx 000 0 und d
020 |c 1799000 
082 |a 005.133 
082 |b F245 
100 |a Farrell, Joyce 
245 0 |a Java programming 
245 0 |c Joyce Farrell 
260 |a Boston, MA. 
260 |b Course Technology Cengage Learning 
260 |c 2010 
650 |a Java (Computer program language),Java ( ngôn ngữ chương trình máy tính ) 
904 |i QHieu 
980 |a Trung tâm Học liệu Trường Đại học Cần Thơ